II. smyčcový kvartet (Památce Bedřicha Smetany) : partitura a hlasy /

Hlavní autor: Loudová, Ivana, 1941-2017
Jazyk: Nelze použít, není lingvistický obsah
Vydáno: Praha : Panton, 1981
Vydání: 1. vyd.
Fyzický popis: 1 partitura (26 s.) + 4 hlasy
Hudebniny Hudebniny
Uloženo v:
LEADER 00756ncm a22002172a 4500
001 001201397
003 CZ BrMZK
005 20120327092239.0
007 qu
008 120320s1981 xr |||||||||||||||||zxx d
040 |a BOA001  |b cze 
072 7 |a 787  |x Hudba pro strunné a smyčcové nástroje  |2 Konspekt  |9 9 
100 1 |a Loudová, Ivana,  |d 1941-2017  |7 jn20000620203  |4 cmp 
245 1 0 |a II. smyčcový kvartet  |h [hudebnina] :  |b (Památce Bedřicha Smetany) : partitura a hlasy /  |c Ivana Loudová 
250 |a 1. vyd. 
260 |a Praha :  |b Panton,  |c 1981 
300 |a 1 partitura (26 s.) + 4 hlasy 
910 |a BOA001  |b Mus4-0837.030 
990 |a MU 
991 |b 201203 
996 6 |b 2619070195  |c Mus4-0837.030  |l MZK  |r Sklad / do 1 hodiny  |n 0  |w 001234900  |u 000010  |a 1  |e BOA001  |j MZK50  |s P